[Event "25.Schlosspark-Open"]
[Site "Wiesbaden-Biebrich"]
[Date "2013.08.25"]
[Round "7.54"]
[White "Schellen, Sven"]
[Black "Böhmer, Thomas"]
[Result "0-1"]
[WhiteElo "1805"]
[BlackElo "2056"]
[PlyCount "60"]
[EventDate "2013.??.??"]
[WhiteTeam "Sfr. Frankfurt 1921"]
[BlackTeam "Wiesbadener SV 1885"]

1. d4 Nf6 2. c4 e6 3. Nc3 Bb4 4. Qc2 d5 5. Nf3 c5 6. cxd5 exd5 7. Bd2 Nc6 8. e3
cxd4 9. Nxd4 Nxd4 10. exd4 O-O 11. Be2 Be6 12. Rd1 Qc7 13. f3 Bd6 14. Bg5 Nh5
15. Bd3 h6 16. Nb5 Qxc2 17. Bxc2 hxg5 18. Nxd6 g4 19. Kf2 gxf3 20. Kxf3 g6 21.
Bb3 Rab8 22. Nb5 Nf6 23. h3 Bd7 24. Nc3 Rfe8 25. Rhe1 Bc6 26. Bc2 Kf8 27. Kf4
Nh5+ 28. Kg5 Kg7 29. g4 f6+ 30. Kh4 g5+ 0-1

[Event "25.Schlosspark-Open"]
[Site "Wiesbaden-Biebrich"]
[Date "2013.08.25"]
[Round "7.55"]
[White "Krischak, Werner"]
[Black "Eg, Karlheinz"]
[Result "1-0"]
[WhiteElo "1776"]
[BlackElo "1999"]
[PlyCount "75"]
[EventDate "2013.??.??"]
[WhiteTeam "SK Marburg 1931/72"]
[BlackTeam "SV Rüsselsheim 1929"]

1. d4 Nf6 2. Nf3 g6 3. c4 Bg7 4. Nc3 d5 5. e3 O-O 6. Bd3 c5 7. O-O cxd4 8. exd4
Nc6 9. cxd5 Nxd5 10. Be4 Nf6 11. Bxc6 bxc6 12. Qa4 Qd6 13. Bg5 Nd5 14. Ne4 Qc7
15. Rac1 Bd7 16. Nc5 Be8 17. Bh4 Qb6 18. b3 a5 19. Rfe1 e6 20. Bg3 Rd8 21. Qc4
Nc7 22. Be5 Rd5 23. a4 Qa7 24. Rc2 Kh8 25. Nd2 Bxe5 26. dxe5 Kg7 27. Kh1 f6 28.
exf6+ Rxf6 29. Nde4 Rff5 30. g4 Rfe5 31. Qc3 Kf8 32. f4 Rxc5 33. Nxc5 Rxe1+ 34.
Qxe1 Bf7 35. Nd7+ Ke7 36. Ne5 Be8 37. Qf2 Kd6 38. Qxa7 1-0

[Event "25.Schlosspark-Open"]
[Site "Wiesbaden-Biebrich"]
[Date "2013.08.25"]
[Round "7.56"]
[White "Anhalt, Albert"]
[Black "Weiland, Thomas"]
[Result "1-0"]
[WhiteElo "1776"]
[BlackElo "1997"]
[PlyCount "43"]
[EventDate "2013.??.??"]
[WhiteTeam "SG Turm Idstein"]
[BlackTeam "SV Oberursel"]

1. e4 d5 2. exd5 Nf6 3. d4 Nxd5 4. c4 Nf6 5. Nc3 g6 6. Nf3 Bg7 7. Be2 O-O 8.
O-O Re8 9. Re1 c6 10. Bg5 Bg4 11. Qd2 Nbd7 12. Rad1 Qa5 13. h3 Bxf3 14. Bxf3 e5
15. d5 cxd5 16. Bxd5 Nxd5 17. Nxd5 Qxd2 18. Rxd2 f6 19. Nc7 fxg5 20. Nxe8 Nb6
21. Nxg7 Kxg7 22. c5 1-0

[Event "25.Schlosspark-Open"]
[Site "Wiesbaden-Biebrich"]
[Date "2013.08.25"]
[Round "7.57"]
[White "Traut, Stefan"]
[Black "Schmidt, Volker"]
[Result "0-1"]
[WhiteElo "1775"]
[BlackElo "1968"]
[PlyCount "124"]
[EventDate "2013.??.??"]
[WhiteTeam "Sfr. Heusenstamm"]
[BlackTeam "SAbt TuS Dotzheim"]

1. d4 Nf6 2. Nf3 g6 3. c4 Bg7 4. Nc3 d5 5. cxd5 Nxd5 6. e4 Nxc3 7. bxc3 O-O 8.
Rb1 c5 9. Be2 Nc6 10. d5 Bxc3+ 11. Bd2 Bxd2+ 12. Qxd2 Na5 13. h4 f6 14. h5 g5
15. Nxg5 fxg5 16. Qxg5+ Kf7 17. h6 Ke8 18. Qg7 Kd7 19. Qxh7 Kc7 20. Qg7 Rg8 21.
Qe5+ Qd6 22. Qxd6+ exd6 23. h7 Rh8 24. Kd2 Bd7 25. Rbg1 Rae8 26. Rh4 Re7 27.
Rgh1 b5 28. f3 Be8 29. Rh6 Nb7 30. g4 c4 31. g5 Nc5 32. Kc3 a5 33. Kd4 Rg7 34.
f4 Nd7 35. Re6 Bf7 36. Reh6 Be8 37. Bh5 Bxh5 38. R1xh5 Re7 39. f5 c3 40. Kxc3
Rxe4 41. Re6 Rg4 42. g6 b4+ 43. Kd2 Rg2+ 44. Ke3 Nf8 45. Rf6 Kb6 46. Rf7 Nxg6
47. fxg6 Rxg6 48. Re7 Kc5 49. Ke4 a4 50. Kf5 Rg2 51. Ke6 b3 52. axb3 axb3 53.
Rh1 Re2+ 54. Kf7 Rxe7+ 55. Kxe7 b2 56. Rb1 Rxh7+ 57. Kf6 Rh2 58. Ke6 Re2+ 59.
Kd7 Kxd5 60. Kc7 Kc4 61. Kxd6 Kc3 62. Kc5 Kc2 0-1

[Event "25.Schlosspark-Open"]
[Site "Wiesbaden-Biebrich"]
[Date "2013.08.25"]
[Round "7.58"]
[White "Braunberger, Gerald"]
[Black "Kirmeir, Andreas"]
[Result "1-0"]
[WhiteElo "1951"]
[BlackElo "1738"]
[PlyCount "81"]
[EventDate "2013.??.??"]
[WhiteTeam "SK Bad Homburg 1927"]
[BlackTeam "SC Landskrone"]

1. c4 g6 2. Nf3 Bg7 3. d4 d6 4. Nc3 e6 5. e3 Ne7 6. Be2 b6 7. O-O Bb7 8. Qc2
Nd7 9. b4 h6 10. Rb1 a6 11. Bb2 g5 12. d5 e5 13. Nd2 O-O 14. Ba3 Rb8 15. Rbe1
Bc8 16. f4 exf4 17. exf4 Ng6 18. f5 Nf4 19. Nf3 Ne5 20. Nxe5 Bxe5 21. g3 Bd4+
22. Kh1 Nxe2 23. Nxe2 Be5 24. Bb2 f6 25. Nd4 Bd7 26. Ne6 Bxe6 27. fxe6 Qe7 28.
Rf5 c5 29. bxc5 Bxb2 30. Qxb2 bxc5 31. Qc3 Kg7 32. Ref1 Rb4 33. R5f2 Kg6 34. a3
Rb7 35. Rb2 Ra7 36. Qc2+ Kg7 37. Rfb1 Rc8 38. Rb6 h5 39. Qa4 Rca8 40. Qc6 f5
41. Rb7 1-0

[Event "25.Schlosspark-Open"]
[Site "Wiesbaden-Biebrich"]
[Date "2013.08.25"]
[Round "7.59"]
[White "Gnad, Gunnar"]
[Black "Kannenberg, Carl-Friedrich"]
[Result "1/2-1/2"]
[WhiteElo "1755"]
[BlackElo "1927"]
[PlyCount "56"]
[EventDate "2013.??.??"]
[WhiteTeam "Gambit Bonneweg"]
[BlackTeam "SAbt TuS Dotzheim"]

1. c4 e5 2. Nc3 Nf6 3. Nf3 d6 4. e3 Be7 5. Be2 O-O 6. O-O h6 7. d4 exd4 8. exd4
d5 9. b3 c6 10. h3 Bf5 11. Be3 Nbd7 12. Bd3 Bxd3 13. Qxd3 Bd6 14. Rfe1 Re8 15.
Rad1 Ne4 16. cxd5 Nxc3 17. Qxc3 cxd5 18. Kf1 Rc8 19. Qb2 Qa5 20. Bd2 Rxe1+ 21.
Rxe1 Qd8 22. Rc1 Rxc1+ 23. Qxc1 Qc7 24. Qxc7 Bxc7 25. Ke2 Bd6 26. Ne1 Kf8 27.
Nd3 Ke7 28. f3 a6 1/2-1/2

[Event "25.Schlosspark-Open"]
[Site "Wiesbaden-Biebrich"]
[Date "2013.08.25"]
[Round "7.60"]
[White "Kellerwessel, Ralf"]
[Black "Goebel, Knut"]
[Result "1/2-1/2"]
[WhiteElo "1919"]
[BlackElo "1766"]
[PlyCount "66"]
[EventDate "2013.??.??"]
[WhiteTeam "SC Bad Soden"]
[BlackTeam "SC Ober-Ramstadt"]

1. c4 c6 2. Nc3 Nf6 3. e4 d5 4. e5 d4 5. exf6 dxc3 6. bxc3 exf6 7. Nf3 Be7 8.
h3 O-O 9. Be2 Re8 10. O-O c5 11. d4 b6 12. Be3 Nd7 13. Re1 Bb7 14. Nh4 Be4 15.
Bd3 Bxd3 16. Qxd3 Ne5 17. Qe2 Ng6 18. Nf5 Bf8 19. Qf3 Rc8 20. Rac1 Qd7 21. h4
Kh8 22. h5 Ne7 23. Ng3 Ng8 24. Rc2 cxd4 25. cxd4 Bb4 26. Rb1 Bf8 27. c5 bxc5
28. dxc5 Rc6 29. Rd2 Qe6 30. Rb7 Re7 31. Rb8 Re8 32. Rb7 Re7 33. Rb8 Re8
1/2-1/2

[Event "25.Schlosspark-Open"]
[Site "Wiesbaden-Biebrich"]
[Date "2013.08.25"]
[Round "7.61"]
[White "Schöber, Sebastian"]
[Black "Herda, Christoph"]
[Result "1/2-1/2"]
[WhiteElo "1730"]
[BlackElo "1917"]
[PlyCount "83"]
[EventDate "2013.??.??"]
[WhiteTeam "SC Rochade 69 Diez e. V."]
[BlackTeam "SVG Lauterbach"]

1. c4 c5 2. g3 Nc6 3. Bg2 g6 4. Nc3 Bg7 5. e4 e6 6. Nge2 Nge7 7. O-O O-O 8. d3
a6 9. Be3 d6 10. Qd2 Rb8 11. Bh6 Bxh6 12. Qxh6 b5 13. cxb5 axb5 14. Rad1 b4 15.
Nb1 Ba6 16. Qe3 Qa5 17. Nd2 Bb5 18. Nc4 Bxc4 19. dxc4 Rfd8 20. Rd2 Qxa2 21. b3
Qa5 22. Rfd1 Qc7 23. h4 h5 24. Qg5 e5 25. g4 hxg4 26. h5 Nd4 27. hxg6 fxg6 28.
Qxg4 Kg7 29. Ng3 Rh8 30. Nf5+ Nexf5 31. exf5 Nxf5 32. Be4 Rh4 33. Qg2 Rbh8 34.
Bxf5 Rh1+ 35. Qxh1 Rxh1+ 36. Kxh1 gxf5 37. Rxd6 Qb7+ 38. R1d5 Kf8 39. Rd7 Qc6
40. R7d6 Qb7 41. Rd7 Qc6 42. R7d6 1/2-1/2

[Event "25.Schlosspark-Open"]
[Site "Wiesbaden-Biebrich"]
[Date "2013.08.25"]
[Round "7.62"]
[White "Paschmann, Stefan"]
[Black "Günther, Rainer"]
[Result "1-0"]
[WhiteElo "1886"]
[BlackElo "1707"]
[PlyCount "115"]
[EventDate "2013.??.??"]
[WhiteTeam "Krefelder SK Turm 1851 e"]
[BlackTeam "SV Mainz-Mombach"]

1. d4 Nf6 2. Nf3 e6 3. Bg5 Be7 4. e3 b6 5. Nbd2 Bb7 6. Bd3 d6 7. c3 Nbd7 8. O-O
c5 9. Qe2 a6 10. a4 h6 11. Bh4 O-O 12. e4 e5 13. dxe5 dxe5 14. Nc4 Nh5 15. Bxe7
Qxe7 16. g3 Nhf6 17. Nh4 g6 18. Qe3 Kh7 19. Qe2 Rfd8 20. Nf3 Qe6 21. Kg2 Ne8
22. Rfe1 f6 23. Kg1 Bc8 24. Kg2 Nd6 25. Red1 b5 26. Nxd6 Qxd6 27. axb5 Nb6 28.
Bc4 Qe7 29. Rxd8 Qxd8 30. bxa6 Nxc4 31. Qxc4 Qd7 32. Qxc5 Rxa6 33. Rxa6 Bxa6
34. Qe3 g5 35. h3 Kg6 36. b4 Bc8 37. g4 h5 38. Nh2 h4 39. Nf1 Qc6 40. f3 Qc4
41. Nd2 Qb5 42. Qc5 Qe2+ 43. Qf2 Qb5 44. Qf1 Qb6 45. b5 Qa5 46. Qc4 Qd8 47. Qd5
Qe8 48. c4 Be6 49. Qd3 Qa8 50. c5 Qa2 51. c6 Bc4 52. Qxc4 Qxd2+ 53. Kf1 Qd1+
54. Kf2 Qd2+ 55. Qe2 Qd4+ 56. Kg2 Qc5 57. Qb2 Kg7 58. b6 1-0

[Event "25.Schlosspark-Open"]
[Site "Wiesbaden-Biebrich"]
[Date "2013.08.25"]
[Round "7.63"]
[White "Klimshin, Ilia"]
[Black "Beck, Andreas"]
[Result "0-1"]
[WhiteElo "1723"]
[BlackElo "1884"]
[PlyCount "66"]
[EventDate "2013.??.??"]
[WhiteTeam "vereinslos"]
[BlackTeam "TSV Germania 1900 Malschenberg"]

1. e4 c5 2. Nf3 d6 3. d4 cxd4 4. Nxd4 Nf6 5. Nc3 a6 6. Be2 e5 7. Nf3 Be7 8. O-O
O-O 9. h3 b5 10. a3 Bb7 11. Bd3 Nbd7 12. Be3 Rc8 13. Re1 Re8 14. Rb1 Nb6 15.
Bxb6 Qxb6 16. Qd2 Bf8 17. Rbc1 Rc5 18. Ra1 Qc7 19. Na2 d5 20. b4 dxe4 21. bxc5
exf3 22. g3 e4 23. Bf1 Bxc5 24. Kh2 h5 25. h4 Ng4+ 26. Kh1 Nxf2+ 27. Kh2 e3 28.
Qc3 Ng4+ 29. Kh3 Qc8 30. Nc1 e2 31. Nxe2 fxe2 32. Rxe2 Rxe2 33. Bxe2 Nf2+ 0-1

[Event "25.Schlosspark-Open"]
[Site "Wiesbaden-Biebrich"]
[Date "2013.08.25"]
[Round "7.64"]
[White "Launert, Martin"]
[Black "Roth, Michael"]
[Result "1-0"]
[WhiteElo "1882"]
[BlackElo "1607"]
[PlyCount "83"]
[EventDate "2013.??.??"]
[WhiteTeam "Sfr.Erbach"]
[BlackTeam "SC Lerchenberg/ZMO"]

1. e4 e5 2. Nf3 d5 3. exd5 Qxd5 4. Nc3 Qd8 5. Nxe5 Bc5 6. Nf3 Nf6 7. d4 Bb6 8.
Bc4 Bg4 9. Qe2+ Kf8 10. Be3 Ba5 11. O-O Bxc3 12. bxc3 Ne4 13. Bb3 h6 14. h3 Bh5
15. g4 Bg6 16. Ne5 Ng5 17. Nxg6+ fxg6 18. Bxg5 hxg5 19. f4 Qe7 20. fxg5+ Ke8
21. Qxe7+ Kxe7 22. Kg2 Nc6 23. Rf7+ Kd6 24. Rxg7 Ne7 25. Re1 Nd5 26. Rxg6+ Kd7
27. Bxd5 a5 28. c4 Rhe8 29. Rf1 c6 30. Rf7+ Kc8 31. Be6+ Kb8 32. d5 c5 33. Rgg7
Ra7 34. Re7 Rxe7 35. Rxe7 a4 36. g6 a3 37. g7 Ra4 38. g8=Q+ Ka7 39. Re8 Rxc4
40. Ra8+ Kb6 41. Qd8+ Kb5 42. Qa5# 1-0

[Event "25.Schlosspark-Open"]
[Site "Wiesbaden-Biebrich"]
[Date "2013.08.25"]
[Round "7.65"]
[White "Kiechl, Stefan"]
[Black "Mehl, Ulrich"]
[Result "1/2-1/2"]
[WhiteElo "1876"]
[BlackElo "1520"]
[PlyCount "59"]
[EventDate "2013.??.??"]
[WhiteTeam "SK Kriegshaber"]
[BlackTeam "SAbt TSG Nieder-Erlenbach 1888"]

1. Nf3 d5 2. c4 e6 3. b3 c5 4. Bb2 Nf6 5. g3 b6 6. Bg2 Bb7 7. O-O dxc4 8. bxc4
Be7 9. Nc3 O-O 10. d3 Nc6 11. Qd2 Qd7 12. Rad1 Rfd8 13. Qc1 Rac8 14. a3 Ng4 15.
Ne4 f6 16. h3 Nge5 17. Nxe5 Nxe5 18. Bxe5 fxe5 19. Qe3 Rf8 20. h4 h6 21. Bf3
Rce8 22. Kg2 Bc8 23. Rh1 Qd4 24. g4 Rf4 25. Qd2 Qd8 26. Qb2 Qd4 27. Qd2 Qd8 28.
Qb2 Qd4 29. Qb5 Qd8 30. Qb2 1/2-1/2

[Event "25.Schlosspark-Open"]
[Site "Wiesbaden-Biebrich"]
[Date "2013.08.25"]
[Round "7.66"]
[White "Löster, Mario"]
[Black "Liez, Franziska"]
[Result "0-1"]
[WhiteElo "1431"]
[BlackElo "1841"]
[PlyCount "60"]
[EventDate "2013.??.??"]
[WhiteTeam "FC 1934 Wiesbaden-Bierstadt"]
[BlackTeam "Biebertaler SF"]

1. e4 e5 2. Nf3 Nc6 3. Bb5 a6 4. Bc4 Bc5 5. Nc3 Nf6 6. d3 d6 7. Bg5 h6 8. Bh4
Be6 9. Bxe6 fxe6 10. h3 Qe7 11. O-O g5 12. Bg3 O-O-O 13. Nh2 Rdf8 14. Kh1 h5
15. f3 Rfg8 16. Bf2 Bxf2 17. Rxf2 g4 18. fxg4 hxg4 19. Qf1 Nh5 20. Ne2 Nd4 21.
Qe1 g3 22. Nxd4 gxf2 23. Qxf2 exd4 24. Nf3 e5 25. Rg1 Nf6 26. Nh2 Kb8 27. Rf1
Nh5 28. Ng4 Rxg4 29. hxg4 Ng3+ 30. Kg1 Rh1# 0-1

[Event "25.Schlosspark-Open"]
[Site "Wiesbaden-Biebrich"]
[Date "2013.08.25"]
[Round "7.67"]
[White "Binfet, Daniel"]
[Black "Ivkin, Michael"]
[Result "1/2-1/2"]
[WhiteElo "1670"]
[BlackElo "1822"]
[PlyCount "106"]
[EventDate "2013.??.??"]
[WhiteTeam "TuS Makkabi Wiesbaden"]
[BlackTeam "Wiesbadener SV 1885"]

1. d4 Nf6 2. c4 g6 3. Nc3 Bg7 4. e4 d6 5. f3 O-O 6. Be3 e5 7. d5 Ne8 8. Qd2 f5
9. Bg5 Bf6 10. Bxf6 Nxf6 11. O-O-O a5 12. Bd3 f4 13. Nge2 Na6 14. g3 Nh5 15.
gxf4 Nxf4 16. Nxf4 Rxf4 17. Qg2 Nc5 18. Bc2 Qf8 19. Rdf1 Qh6 20. Qd2 Bh3 21.
Rf2 Raf8 22. Ne2 Rh4 23. Qxh6 Rxh6 24. Rg1 Rh4 25. Rg3 Kg7 26. a3 Bd7 27. Nc3
Rhf4 28. Kd2 h6 29. Ke3 g5 30. Bd1 Rb8 31. b4 Na6 32. b5 Nc5 33. Rb2 b6 34. Na4
Nxa4 35. Bxa4 Kg6 36. Bd1 Rbf8 37. Rbg2 Kf6 38. a4 Rg8 39. h3 Rh4 40. Kf2 Kg6
41. Rh2 Rf8 42. Ke3 Kh7 43. Rh1 Rg8 44. Kf2 h5 45. Rhg1 Kh6 46. Kg2 Rf4 47. Kh2
Rg7 48. R3g2 Rh4 49. Rg3 Rg6 50. R1g2 Rf4 51. Rg1 Be8 52. Kh1 Rg7 53. R3g2 Rh4
1/2-1/2

[Event "25.Schlosspark-Open"]
[Site "Wiesbaden-Biebrich"]
[Date "2013.08.25"]
[Round "7.69"]
[White "Hill, Michael"]
[Black "Zeyen, Helmut"]
[Result "1-0"]
[WhiteElo "1621"]
[BlackElo "1808"]
[PlyCount "123"]
[EventDate "2013.??.??"]
[WhiteTeam "Wiesbadener SV 1885"]
[BlackTeam "Wiesbadener SV 1885"]

1. b3 e5 2. Bb2 Nc6 3. e3 d6 4. Bb5 Bd7 5. Nf3 Be7 6. O-O h6 7. Nc3 Be6 8. d4
a6 9. Bxc6+ bxc6 10. dxe5 d5 11. Nd4 Qd7 12. f4 g6 13. Nxe6 Qxe6 14. Ne2 Bc5
15. Qd3 Ne7 16. Nd4 Bxd4 17. Bxd4 Qf5 18. e6 Qxd3 19. exf7+ Kxf7 20. cxd3 Rad8
21. Bxh8 Rxh8 22. Rac1 Rb8 23. g4 Ke6 24. h4 Kd6 25. d4 h5 26. f5 gxf5 27. gxf5
Rg8+ 28. Kh2 Rg4 29. Kh3 Re4 30. Rf3 Rg4 31. Rcf1 c5 32. Rf4 Rg8 33. dxc5+ Kxc5
34. R1f2 Rg1 35. f6 Ng6 36. Rf5 Rh1+ 37. Rh2 Re1 38. Rf3 Kd6 39. Rhf2 Rh1+ 40.
Kg3 Rxh4 41. f7 Rg4+ 42. Kh2 Nf8 43. Rf4 Rg7 44. Rf6+ Ke7 45. Rxa6 Rxf7 46.
Rxf7+ Kxf7 47. a4 Ke7 48. b4 Ne6 49. a5 Nd8 50. Rh6 Kd7 51. b5 c5 52. bxc6+
Nxc6 53. Rxh5 Kd6 54. Rh6+ Kc5 55. Rxc6+ Kxc6 56. Kg3 Kb5 57. Kf4 Kxa5 58. Ke5
Kb6 59. Kxd5 Kc7 60. Ke6 Kd8 61. e4 Ke8 62. e5 1-0

[Event "25.Schlosspark-Open"]
[Site "Wiesbaden-Biebrich"]
[Date "2013.08.25"]
[Round "7.70"]
[White "Baumeister, Lutz"]
[Black "Bangert, Udo"]
[Result "0-1"]
[WhiteElo "1617"]
[BlackElo "1895"]
[PlyCount "72"]
[EventDate "2013.??.??"]
[WhiteTeam "Wiesbadener SV 1885"]
[BlackTeam "SG Stern Stuttgart"]

1. d4 d5 2. Nf3 Nf6 3. e3 c6 4. Bd3 Nbd7 5. O-O Qc7 6. Re1 Ne4 7. Nbd2 Ndf6 8.
Be2 Nxf2 9. Kxf2 Ng4+ 10. Kg1 Nxe3 11. c3 Nxd1 12. Bxd1 Bg4 13. a4 e6 14. b4
Bd6 15. Nf1 O-O 16. h3 Bxf3 17. Bxf3 e5 18. dxe5 Bxe5 19. Bb2 Rae8 20. Rad1 Bg3
21. Nxg3 Qxg3 22. Rf1 Re3 23. Bg4 Re4 24. a5 Qe3+ 25. Kh2 a6 26. Bf5 Re7 27.
Bc1 Qxc3 28. Bd2 Qe5+ 29. Kh1 Qc7 30. Bf4 Qd8 31. Bg3 g6 32. Bb1 Qd7 33. Bf2
Rfe8 34. Bc5 Re6 35. h4 Qd8 36. h5 Qh4+ 0-1

[Event "25.Schlosspark-Open"]
[Site "Wiesbaden-Biebrich"]
[Date "2013.08.25"]
[Round "7.71"]
[White "Schneider, Lutz"]
[Black "Lorenz, Hermann"]
[Result "1-0"]
[WhiteElo "1772"]
[BlackElo "1673"]
[PlyCount "119"]
[EventDate "2013.??.??"]
[WhiteTeam "Vorw.Orient Mainz"]
[BlackTeam "Sfr.Mainz 1928"]

1. e4 d6 2. d4 Nf6 3. Nc3 g6 4. Nf3 Bg7 5. Bf4 O-O 6. Qd2 Re8 7. Be2 c6 8. Bh6
Bh8 9. Ng5 Nbd7 10. h4 e5 11. d5 cxd5 12. Nxd5 Nc5 13. Nxf6+ Bxf6 14. Qe3 Ne6
15. O-O-O Qc7 16. h5 Nd4 17. Bd3 Be6 18. Nxe6 Rxe6 19. c3 Rc8 20. Kb1 Nc6 21.
Bc4 Nd8 22. Bxe6 Nxe6 23. hxg6 fxg6 24. Rh3 Qe7 25. f4 exf4 26. Bxf4 Nxf4 27.
Qxf4 Bg5 28. Qg4 Rf8 29. Rf3 Bf6 30. Rdf1 Kg7 31. Rh3 h6 32. Qe2 Qe5 33. Rd3
Re8 34. Qf3 Qe6 35. Ka1 b5 36. Rfd1 Be5 37. Rd5 a6 38. Qe3 b4 39. cxb4 Qf6 40.
Qe2 Rb8 41. Qc2 Rxb4 42. Rb1 Rb7 43. Rd2 Kh7 44. Rf2 Qg7 45. Rf3 a5 46. Rb3 Rc7
47. Qd3 a4 48. Rb4 Qf6 49. Rb8 Ra7 50. a3 Qg7 51. Qd5 g5 52. Rf1 Rc7 53. Qe6 h5
54. Rf5 Bxb2+ 55. Rxb2 Rc1+ 56. Ka2 Rc7 57. Qe8 Kh6 58. Rf8 Qd4 59. Rh8+ Rh7
60. Qf8+ 1-0

[Event "25.Schlosspark-Open"]
[Site "Wiesbaden-Biebrich"]
[Date "2013.08.25"]
[Round "7.72"]
[White "Maleski, Heinz"]
[Black "Rößler, Lukas Namgyu"]
[Result "0-1"]
[WhiteElo "1771"]
[BlackElo "1604"]
[PlyCount "154"]
[EventDate "2013.??.??"]
[WhiteTeam "SC Budenheim"]
[BlackTeam "SK Mannheim-Lindenhof 1865"]

1. d4 d5 2. Bf4 e6 3. Nf3 c5 4. e3 Nc6 5. Be2 Nf6 6. Nbd2 Be7 7. O-O O-O 8. h3
b6 9. dxc5 bxc5 10. c3 Bd7 11. Re1 Qb6 12. b3 Rfd8 13. Qc2 Be8 14. Rab1 Nd7 15.
a4 e5 16. Bg5 f6 17. Bh4 Bg6 18. e4 d4 19. Bc4+ Bf7 20. Bxf7+ Kxf7 21. cxd4
cxd4 22. Rec1 Nb4 23. Qc7 Bc5 24. Qxb6 axb6 25. Nc4 Re8 26. Kf1 Nb8 27. Nfd2
N8c6 28. Nb2 Na2 29. Rc2 Ncb4 30. Rc4 Nc3 31. Ra1 Nc6 32. Bg3 Na5 33. f4 Nxc4
34. Ndxc4 Nxe4 35. Be1 exf4 36. b4 Bd6 37. Nxb6 Rab8 38. N2c4 Bc7 39. a5 Nd6
40. Nxd6+ Bxd6 41. Rc1 Rb7 42. Rc4 Bc7 43. Rxd4 Bxb6 44. axb6 Rxb6 45. Bf2 Rb7
46. Rxf4 Reb8 47. Bc5 Re8 48. Kf2 Ke6 49. Re4+ Kd7 50. Rd4+ Kc6 51. Rd6+ Kb5
52. Rd5 Kc4 53. Rh5 g6 54. Rh4+ Kd3 55. Rd4+ Kc3 56. Rf4 f5 57. g4 fxg4 58.
hxg4 Kd3 59. Rf3+ Kd2 60. Kg3 Rd8 61. Kh4 Rd3 62. Rf6 Rd5 63. Rf2+ Kc3 64. Rf3+
Kd2 65. Rf2+ Kd3 66. Rf3+ Ke4 67. Rc3 Ke5 68. Re3+ Kf4 69. Rb3 Rd1 70. Kh3 Rbd7
71. Be3+ Ke4 72. Bc5 R7d3+ 73. Rxd3 Rxd3+ 74. Kh4 Kf4 75. Be7 Rd1 76. Bg5+ Kf3
77. Be7 h6 0-1

[Event "25.Schlosspark-Open"]
[Site "Wiesbaden-Biebrich"]
[Date "2013.08.25"]
[Round "7.73"]
[White "Brandt, Michael"]
[Black "Künne, Lutz Dieter"]
[Result "1-0"]
[WhiteElo "1758"]
[BlackElo "1542"]
[PlyCount "124"]
[EventDate "2013.??.??"]
[WhiteTeam "Wiesbadener SV 1885"]
[BlackTeam "Kings Club 98 Jena"]

1. f4 d5 2. e3 Nf6 3. Nf3 Bd7 4. b3 e6 5. Bb2 Nc6 6. Be2 a5 7. Nc3 Ne4 8. Nxe4
dxe4 9. Ng5 f5 10. O-O e5 11. Bc4 Qe7 12. Nf7 Rg8 13. Nxe5 Nxe5 14. Bxe5 Be6
15. Qe2 c6 16. Rfd1 g6 17. d4 Bd5 18. Bxd5 cxd5 19. Qb5+ Qd7 20. Qxd7+ Kxd7 21.
c4 dxc4 22. bxc4 Rc8 23. c5 Bg7 24. Bd6 Bf8 25. Bxf8 Rgxf8 26. Rab1 Kc6 27.
Rb6+ Kc7 28. Rdb1 Rb8 29. a4 Rfd8 30. R1b5 Re8 31. Rxa5 Ra8 32. Rxa8 Rxa8 33.
Rb4 Ra6 34. Kf2 Re6 35. h3 Re7 36. d5 Rd7 37. d6+ Kc6 38. Rc4 b5 39. axb5+ Kxb5
40. Rc2 Kc6 41. Ke1 Ra7 42. Kd2 Ra3 43. Rc3 Ra2+ 44. Rc2 Ra3 45. g4 Rd3+ 46.
Ke2 Rb3 47. Rd2 Rb7 48. Kf2 Rd7 49. Rc2 Rb7 50. gxf5 gxf5 51. Rc3 Rg7 52. Rc2
h5 53. Kf1 Rg3 54. Rd2 Rg7 55. Rg2 Rd7 56. Rg5 Kxc5 57. Rxf5+ Kxd6 58. Rxh5 Re7
59. Kf2 Re6 60. Kg3 Ke7 61. Re5 Kf6 62. Rxe6+ Kxe6 1-0

[Event "25.Schlosspark-Open"]
[Site "Wiesbaden-Biebrich"]
[Date "2013.08.25"]
[Round "7.74"]
[White "Künitz, Klaus"]
[Black "Pade, Joachim"]
[Result "0-1"]
[WhiteElo "1535"]
[BlackElo "1754"]
[PlyCount "66"]
[EventDate "2013.??.??"]
[WhiteTeam "TSV Schott Mainz"]
[BlackTeam "Sfr. Anderssen Wetzlar"]

1. d4 e6 2. c4 f5 3. Nc3 Nf6 4. Bg5 Be7 5. e3 O-O 6. Nf3 b6 7. Be2 Bb7 8. O-O
d6 9. b4 Nc6 10. Qb3 Kh8 11. d5 Ne5 12. Nxe5 dxe5 13. Rad1 exd5 14. Nxd5 Nxd5
15. Bxe7 Qxe7 16. cxd5 Rad8 17. Rd2 Rd6 18. Rc1 c6 19. Rdc2 g5 20. Qb2 f4 21.
e4 Qg7 22. Bg4 f3 23. Bxf3 Rxf3 24. gxf3 Rh6 25. Qc3 g4 26. fxg4 Qxg4+ 27. Qg3
Qxe4 28. Rc4 Qxd5 29. Rg4 c5 30. f3 Rf6 31. Rf1 e4 32. Rxe4 Qf7 33. Re3 Rg6 0-1

[Event "25.Schlosspark-Open"]
[Site "Wiesbaden-Biebrich"]
[Date "2013.08.25"]
[Round "7.75"]
[White "Wilke, Tabea"]
[Black "Lehmann, Wolfgang"]
[Result "1-0"]
[WhiteElo "1749"]
[BlackElo "1482"]
[PlyCount "113"]
[EventDate "2013.??.??"]
[WhiteTeam "SC 1979 Hattersheim"]
[BlackTeam "Wiesbadener SV 1885"]

1. e4 c6 2. d4 d5 3. exd5 cxd5 4. Bd3 Nf6 5. c3 Nc6 6. Bf4 e6 7. Nf3 Bd6 8.
Bxd6 Qxd6 9. O-O O-O 10. Re1 Re8 11. Ne5 a6 12. Nd2 Nd7 13. Bxh7+ Kf8 14. Qh5
Ncxe5 15. dxe5 Qc5 16. Bd3 g6 17. Qh8+ Ke7 18. Qh4+ Kf8 19. Re3 Kg7 20. Nb3 Qe7
21. Qxe7 Rxe7 22. Rae1 b6 23. h4 Nc5 24. Nxc5 bxc5 25. Rg3 c4 26. Bc2 Bb7 27.
h5 Rh8 28. hxg6 fxg6 29. Rxg6+ Kf8 30. Re3 Ke8 31. Rf6 Kd7 32. Rg3 Rh5 33. f4
Rh8 34. Rfg6 Rf8 35. R3g4 Bc8 36. Rg7 Rxg7 37. Rxg7+ Kc6 38. Rg4 Kc5 39. Rh4 a5
40. Kf2 d4 41. cxd4+ Kxd4 42. g3 Kc5 43. Ke3 Kb4 44. a3+ Kc5 45. g4 Bd7 46. g5
Rb8 47. g6 Rg8 48. Rg4 Rg7 49. Rh4 Be8 50. Rh7 Rg8 51. Rh6 Rg7 52. f5 exf5 53.
Bxf5 Kd5 54. Kf4 Bc6 55. Rh7 Rg8 56. Re7 Rh8 57. g7 1-0

[Event "25.Schlosspark-Open"]
[Site "Wiesbaden-Biebrich"]
[Date "2013.08.25"]
[Round "7.76"]
[White "Klebs, Sebastian"]
[Black "Meier, Alexander"]
[Result "0-1"]
[WhiteElo "1707"]
[BlackElo "1390"]
[PlyCount "68"]
[EventDate "2013.??.??"]
[WhiteTeam "vereinslos"]
[BlackTeam "FC 1934 Wiesbaden-Bierstadt"]

1. e4 d5 2. exd5 Nf6 3. Nc3 Nxd5 4. Bc4 Nxc3 5. bxc3 e6 6. d4 c6 7. Nf3 Be7 8.
O-O Nd7 9. Qe2 O-O 10. Re1 Nf6 11. Ne5 Nd5 12. Bd2 a5 13. f4 Qc7 14. Rf1 Bd6
15. g3 b5 16. Bd3 Nf6 17. Qg2 Bb7 18. Qh3 g6 19. Ng4 Nxg4 20. Qxg4 f5 21. Qe2
Rfe8 22. h4 Rab8 23. a4 bxa4 24. Rxa4 Ra8 25. Rfa1 c5 26. Bb5 Re7 27. Be3 cxd4
28. Bxd4 e5 29. fxe5 Bxe5 30. Bxe5 Rxe5 31. Qc4+ Qxc4 32. Bxc4+ Kg7 33. Rd1 Kh6
34. Rd7 Bc6 0-1

[Event "25.Schlosspark-Open"]
[Site "Wiesbaden-Biebrich"]
[Date "2013.08.25"]
[Round "7.77"]
[White "Körbel, Ekkehard"]
[Black "Diener, Carolin Valeria"]
[Result "0-1"]
[WhiteElo "1387"]
[BlackElo "1700"]
[PlyCount "50"]
[EventDate "2013.??.??"]
[WhiteTeam "SK 1950 Geisenheim"]
[BlackTeam "Sfr.1891 Friedberg"]

1. e4 e5 2. Nf3 Nc6 3. Bc4 Bc5 4. c3 Nf6 5. d3 d6 6. Bb3 h6 7. Nbd2 O-O 8. Nf1
Re8 9. h3 d5 10. Qe2 d4 11. Ng3 Qd6 12. O-O Be6 13. Nh4 Ne7 14. Bxe6 Qxe6 15.
Nhf5 Rad8 16. Qf3 Nxf5 17. Nxf5 dxc3 18. bxc3 Nh7 19. h4 Kh8 20. Bb2 Bb6 21. a4
a6 22. a5 Ba7 23. Rfe1 Nf6 24. d4 c6 25. Ra4 Rd7 {ZÜ} 0-1